00247nam a2200097Ia 4500008004100000100002500041245003700066260002200103942000700125999001700132190216s9999||||xx |||||||||||||| ||und|| aShankaran Kutty Nair 0aChainayude Chainayude Charithram bKerala Basha Inst cBK c39115d39115